<?xml version="1.0" encoding="UTF-8"?>
<record
    xmlns:xsi="http://www.w3.org/2001/XMLSchema-instance"
    xsi:schemaLocation="http://www.loc.gov/MARC21/slim http://www.loc.gov/standards/marcxml/schema/MARC21slim.xsd"
    xmlns="http://www.loc.gov/MARC21/slim">

  <leader>02156nam a2200433 a 4500</leader>
  <controlfield tag="003">CHAP</controlfield>
  <controlfield tag="005">20240130140651.0</controlfield>
  <controlfield tag="007">ta</controlfield>
  <controlfield tag="008">231113s2018    sp ad||fr|||| 001 0 spa d</controlfield>
  <datafield tag="020" ind1=" " ind2=" ">
    <subfield code="a">978-84-17225-95-7</subfield>
  </datafield>
  <datafield tag="040" ind1=" " ind2=" ">
    <subfield code="a">Z</subfield>
    <subfield code="c">CHAP</subfield>
    <subfield code="e">rda</subfield>
  </datafield>
  <datafield tag="082" ind1="0" ind2="0">
    <subfield code="a">664.92907</subfield>
    <subfield code="b">I34 2018</subfield>
    <subfield code="2">20</subfield>
  </datafield>
  <datafield tag="245" ind1="0" ind2="0">
    <subfield code="a">Identificaci&#xF3;n y calidad de las canales bovinas en Espa&#xF1;a: </subfield>
    <subfield code="b"> efecto de la raza, la edad-peso y el sexo/</subfield>
    <subfield code="c">Carlos Sa&#xF1;udo [y diez mas]</subfield>
  </datafield>
  <datafield tag="264" ind1=" " ind2="1">
    <subfield code="a">Zaragoza, Espa&#xF1;a: </subfield>
    <subfield code="b">Grupo Asis Biomedia. Servet,</subfield>
    <subfield code="c">2018</subfield>
  </datafield>
  <datafield tag="300" ind1=" " ind2=" ">
    <subfield code="a">x, 62 p&#xE1;ginas:</subfield>
    <subfield code="b">ilustraciones, graficas, tablas</subfield>
  </datafield>
  <datafield tag="336" ind1=" " ind2=" ">
    <subfield code="2">rdacontent</subfield>
    <subfield code="a">texto</subfield>
    <subfield code="b">txt</subfield>
  </datafield>
  <datafield tag="337" ind1=" " ind2=" ">
    <subfield code="2">rdamedia</subfield>
    <subfield code="a">sin medio</subfield>
    <subfield code="b">n</subfield>
  </datafield>
  <datafield tag="338" ind1=" " ind2=" ">
    <subfield code="2">rdacarrier</subfield>
    <subfield code="a">volumen</subfield>
    <subfield code="b">nc</subfield>
  </datafield>
  <datafield tag="500" ind1=" " ind2=" ">
    <subfield code="a">ej.1: consumo</subfield>
  </datafield>
  <datafield tag="504" ind1=" " ind2=" ">
    <subfield code="a">Bibliograf&#xED;a: p&#xE1;gina 62</subfield>
  </datafield>
  <datafield tag="505" ind1="0" ind2=" ">
    <subfield code="g">1. Calidad de la canal, definici&#xF3;n y clasificaci&#xF3;n. Aspectos b&#xE1;sicos.-- 2. Valoraci&#xF3;n actual y futura de la calidad de la carne.-- 3. Tipos comerciales.-- 4. Aspectos pr&#xE1;cticos para la diferenciaci&#xF3;n de canales.-- 5. Legislaci&#xF3;n europea sobre clasificaci&#xF3;n  seurop</subfield>
  </datafield>
  <datafield tag="520" ind1=" " ind2=" ">
    <subfield code="a">Esta obra recoge todos los aspectos relacionados con la calidad y clasificaci&#xF3;n de las canales bovinas, sus cortes comerciales y la relaci&#xF3;n entre calidad y calidad de la carne. El uso de un lenguaje escueto y directo junto con abundantes tablas y fotograf&#xED;as pretenden implicar al lector y hacerle entender, valorizar, identificar y mejorar las canales bovinas. La obra incluye material adicional descabalgarle y acceso a material gr&#xE1;fico sobe el proceso de despiece que aportan un valor a&#xF1;adido al contenido recogido en formato papel.</subfield>
  </datafield>
  <datafield tag="534" ind1=" " ind2=" ">
    <subfield code="p">T&#xED;tulo original:</subfield>
  </datafield>
  <datafield tag="650" ind1="1" ind2="3">
    <subfield code="9">185177</subfield>
    <subfield code="a">Canales (carne)</subfield>
  </datafield>
  <datafield tag="650" ind1="1" ind2="3">
    <subfield code="9">188271</subfield>
    <subfield code="a">Canales de bovino</subfield>
    <subfield code="x">Normas de calidad</subfield>
  </datafield>
  <datafield tag="650" ind1="1" ind2="3">
    <subfield code="9">188271</subfield>
    <subfield code="a">Canales de bovino</subfield>
    <subfield code="x">Clasificaci&#xF3;n</subfield>
  </datafield>
  <datafield tag="650" ind1="1" ind2="0">
    <subfield code="9">148383</subfield>
    <subfield code="a">Industria de la carne de res  </subfield>
    <subfield code="z">Espa&#xF1;a</subfield>
  </datafield>
  <datafield tag="650" ind1="1" ind2="3">
    <subfield code="9">145601</subfield>
    <subfield code="a">Cortes de carne</subfield>
  </datafield>
  <datafield tag="650" ind1="1" ind2="3">
    <subfield code="9">138316</subfield>
    <subfield code="a">Ciencia de la carne</subfield>
  </datafield>
  <datafield tag="700" ind1="1" ind2=" ">
    <subfield code="9">188270</subfield>
    <subfield code="a">Sa&#xF1;udo, Carlos</subfield>
    <subfield code="e">coordinador</subfield>
  </datafield>
  <datafield tag="942" ind1=" " ind2=" ">
    <subfield code="2">ddc</subfield>
  </datafield>
  <datafield tag="942" ind1=" " ind2=" ">
    <subfield code="2">ddc</subfield>
  </datafield>
  <datafield tag="942" ind1=" " ind2=" ">
    <subfield code="2">ddc</subfield>
  </datafield>
  <datafield tag="942" ind1=" " ind2=" ">
    <subfield code="2">ddc</subfield>
  </datafield>
  <datafield tag="942" ind1=" " ind2=" ">
    <subfield code="2">ddc</subfield>
  </datafield>
  <datafield tag="942" ind1=" " ind2=" ">
    <subfield code="2">ddc</subfield>
  </datafield>
  <datafield tag="942" ind1=" " ind2=" ">
    <subfield code="2">ddc</subfield>
  </datafield>
  <datafield tag="942" ind1=" " ind2=" ">
    <subfield code="c">LIBRO</subfield>
  </datafield>
  <datafield tag="999" ind1=" " ind2=" ">
    <subfield code="c">219388</subfield>
    <subfield code="d">219388</subfield>
  </datafield>
  <datafield tag="952" ind1=" " ind2=" ">
    <subfield code="0">0</subfield>
    <subfield code="1">0</subfield>
    <subfield code="2">ddc</subfield>
    <subfield code="4">0</subfield>
    <subfield code="5">1</subfield>
    <subfield code="7">0</subfield>
    <subfield code="8">GRAL</subfield>
    <subfield code="a">Z</subfield>
    <subfield code="b">Z</subfield>
    <subfield code="d">2021-12-13</subfield>
    <subfield code="e">Compra por licitaci&#xF3;n Factura n. 237</subfield>
    <subfield code="g">1558.00</subfield>
    <subfield code="i">Consumo</subfield>
    <subfield code="l">0</subfield>
    <subfield code="o">664.92907 I34 2018</subfield>
    <subfield code="p">5102007400</subfield>
    <subfield code="r">2023-11-13 00:00:00</subfield>
    <subfield code="t">Ej.1</subfield>
    <subfield code="w">2023-11-13</subfield>
    <subfield code="y">LIBRO</subfield>
  </datafield>
</record>
